| 000 | 00769nam a22002417a 4500 | ||
|---|---|---|---|
| 003 | DO-SdBNP | ||
| 005 | 20180313105153.0 | ||
| 008 | 160425b 2005 dr00| 0 fre d | ||
| 020 | _a97899451100722 | ||
| 040 |
_aBPMSU _bfre _cBPMSU |
||
| 082 | 4 |
_axxxx _bxxxx |
|
| 100 | 1 | _aFlores Infante, Tania | |
| 245 | 1 |
_aEntre amis 1 / _cTania Flores Infante ; dirección editorial Obdulia García de Escobar |
|
| 260 |
_aSanto Domingo : _bSantillana, _c2005. |
||
| 300 |
_a39 p. : _bil., _c28 cm. |
||
| 490 | 1 | _aÁmbar | |
| 500 | _aLa biblioteca posee el cahier 5to. curso. Educación básica | ||
| 700 | 1 |
_aGarcía de Escobar, Obdulia, _eed. |
|
| 830 | 1 | _aÁmbar | |
| 942 |
_2ddc _cBK |
||
| 945 | _aRemanejado para la BNPHU / 2018 BT | ||
| 956 |
_aBTAVAREZ _b10 _cBPMSU _d20160425 _f0038 |
||
| 999 |
_c9913 _d9913 |
||